Физиотерапия в хирургии, травматологии и нейрохирургии / (Record no. 75656)
[ view plain ]
| 000 -LEADER | |
|---|---|
| fixed length control field | 00959nam a2200229 u 4500 |
| 001 - CONTROL NUMBER | |
| control field | 000215810 |
| 003 - CONTROL NUMBER IDENTIFIER | |
| control field | AM-YeHGA |
| 005 - DATE AND TIME OF LATEST TRANSACTION | |
| control field | 20250617124238.0 |
| 008 - FIXED-LENGTH DATA ELEMENTS--GENERAL INFORMATION | |
| fixed length control field | 030401s1994 ||| r 000 0 rus d |
| 020 ## - INTERNATIONAL STANDARD BOOK NUMBER | |
| International Standard Book Number | 5638009736 |
| 040 ## - CATALOGING SOURCE | |
| Original cataloging agency | AM-YeHGA |
| 090 ## - LOCALLY ASSIGNED LC-TYPE CALL NUMBER (OCLC); LOCAL CALL NUMBER (RLIN) | |
| -- | 76885 |
| 100 1# - MAIN ENTRY--PERSONAL NAME | |
| Personal name | Сосин, Иван Николаевич |
| 245 10 - TITLE STATEMENT | |
| Title | Физиотерапия в хирургии, травматологии и нейрохирургии / |
| Statement of responsibility, etc. | И.Н. Сосин, М.Х. Кариев. |
| 260 ## - PUBLICATION, DISTRIBUTION, ETC. | |
| Place of publication, distribution, etc. | Ташкент : |
| Name of publisher, distributor, etc. | Изд.- полиграф. об-ние, |
| Date of publication, distribution, etc. | 1994. |
| 300 ## - PHYSICAL DESCRIPTION | |
| Extent | 367 с. |
| Other physical details | ил. |
| 504 ## - BIBLIOGRAPHY, ETC. NOTE | |
| Bibliography, etc. note | Библиогр.: с. 357-365 |
| 653 0# - INDEX TERM--UNCONTROLLED | |
| Uncontrolled term | Травмы - Лечение физиотерапевтическое |
| 653 0# - INDEX TERM--UNCONTROLLED | |
| Uncontrolled term | Опорно-двигательный аппарат - Болезни - Лечение физиотерапевтическое |
| 650 14 - SUBJECT ADDED ENTRY--TOPICAL TERM | |
| Topical term or geographic name entry element | Медицина |
| 700 1# - ADDED ENTRY--PERSONAL NAME | |
| Personal name | Кариев, Марат Хикматович |
| Withdrawn status | Lost status | Damaged status | Not for loan | Collection | Home library | Current library | Date acquired | Total checkouts | Full call number | Barcode | Date last seen | Price effective from | Koha item type | Public note |
|---|---|---|---|---|---|---|---|---|---|---|---|---|---|---|
| General | Fundamental Scientific Library | Fundamental Scientific Library | 22/12/2016 | 615.83.615.84 | 120643593 | 22/12/2016 | 22/12/2016 | Գրքեր / Books | 30 Days Loan |
ՀՀ Գիտությունների ազգային ակադեմիայի հիմնարար գիտական գրադարան = Fundamental Scientific Library of NAS RA
All site content, except where otherwise noted, is licensed under a